000 00446nam a2200169Ia 4500
008 240729s9999 xx 000 0 und d
022 _a2772-2759
245 0 _aMeasurement: Food
260 _aUnited Kingdom
260 _bElsevier
650 _a Home economics
650 _a Nutrition. Foods and food supply
650 _aTechnology
856 _uhttps://doaj.org/toc/6b0a3f8979ff45bfa7660ca7b5c40a07
942 _2ddc
942 _cDOAJEJ
999 _c66845
_d66845
945 _a1
_bMadushi Gamage
_c1
_dMadushi Gamage